Headless Movie Slideshow II Quiz Stats

 Plays Quiz Updated Mar 1, 2021

Support Sporcle.
Go Orange.
Score 0/30 Timer 08:00
3 Plays Today
% Correct
King Kong
99.2%
Shrek 2
98.3%
Home Alone
90.7%
Teenage Mutant Ninja Turtles
89.1%
Willy Wonka & the Chocolate Factory
89%
Madagascar
88.4%
Men in Black
88.4%
Kill Bill: Vol. 1
87.3%
Marvel's The Avengers
86.2%
Brave
84.1%
The Sound of Music
81.9%
Breakfast at Tiffany's
81.3%
American Beauty
80.3%
The Usual Suspects
76.6%
The Hobbit: An Unexpected Journey
74.9%
% Correct
When Harry Met Sally
74%
American Pie
71.7%
A League of Their Own
68.9%
The Truman Show
68.8%
Flashdance
66.1%
One Flew Over the Cuckoo's Nest
60.3%
Fargo
58%
Full Metal Jacket
51.6%
Team America: World Police
50.7%
Django Unchained
50.2%
Sin City
48.8%
The Magnificent Seven
47.2%
Apocalypse Now
45.9%
The Great Escape
38.6%
Citizen Kane
36.9%

You're not logged in!

Compare scores with friends on all Sporcle quizzes.
OR
Log In

From the Vault

Famous Lefties

by new2188

These lefties are alright by us.
Remove Ads.
Support Sporcle.
Get the best of Sporcle when you Go Orange. This ad-free experience offers more features, more stats, and more fun while also helping to support Sporcle. Thank you for becoming a member.

Show Comments

Extras

Top Quizzes Today


Score Distribution

Your Account Isn't Verified!

In order to create a playlist on Sporcle, you need to verify the email address you used during registration. Go to your Sporcle Settings to finish the process.

Report this User

Report this user for behavior that violates our Community Guidelines.

Details: